| 000 | 00494nam a2200169Ia 4500 | ||
|---|---|---|---|
| 003 | LDD | ||
| 008 | 190327s9999 xx 000 0 und d | ||
| 040 | _cLDD | ||
| 082 | _a8H1.7 ला66का | ||
| 100 | _aकिशोरी लाल | ||
| 245 | 0 | _aकाव्य सुर | |
| 260 |
_aनई दिल्ली _bमाडर्न पब्लिशिंग हाउस _c2010 |
||
| 300 | _a144पृ. | ||
| 500 | _aGifted by : Kishori Lal | ||
| 942 |
_2ddc _cBK |
||
| 949 | _aG013869 | ||
| 999 |
_c192927 _d192927 |
||